La extradición pasiva : (Registro nro. 6091)
[ vista simple ]
| 000 -LEADER | |
|---|---|
| fixed length control field | 01219nab a22002177a 4500 |
| 003 - CONTROL NUMBER IDENTIFIER | |
| control field | OSt |
| 005 - DATE AND TIME OF LATEST TRANSACTION | |
| control field | 20260121210323.0 |
| 008 - FIXED-LENGTH DATA ELEMENTS--GENERAL INFORMATION | |
| fixed length control field | 190502c xxu||||| |||| 00| 0 spa d |
| 040 ## - CATALOGING SOURCE | |
| Transcribing agency | PJ |
| 100 ## - MAIN ENTRY--PERSONAL NAME | |
| 9 (RLIN) | 4831 |
| Personal name | Sandhagen, Alberto |
| 245 13 - TITLE STATEMENT | |
| Title | La extradición pasiva : |
| Remainder of title | un comentario sobre el precedente “Acosta Allende” de la Corte Suprema / |
| Statement of responsibility, etc | Alberto Sandhagen. |
| 260 ## - PUBLICATION, DISTRIBUTION, ETC. (IMPRINT) | |
| Place of publication, distribution, etc | Ciudad Autónoma de Buenos Aires : |
| Name of publisher, distributor, etc | Thomson Reuters La Ley, |
| Date of publication, distribution, etc | 2024. |
| 300 ## - PHYSICAL DESCRIPTION | |
| Extent | p. 33-50 |
| 505 ## - FORMATTED CONTENTS NOTE | |
| Formatted contents note | Sumario: I. Objeto.— II. Antecedentes del proceso de extradición que derivó en la sentencia de la Corte.— III. Sentencia de la Corte Suprema de Justicia de la Nación.— IV. Una descripción del proceso de extradición pasiva.— V. Reflexiones sobre el proceso de extradición y lo resuelto por la Corte Suprema.— VI. Breves reflexiones finales.<br/><br/> |
| 505 ## - FORMATTED CONTENTS NOTE | |
| Title | ¿Te interesa el texto completo? Solicitalo al correo: koha@justierradelfuego.gov.ar |
| 650 #0 - SUBJECT ADDED ENTRY--TOPICAL TERM | |
| 9 (RLIN) | 343 |
| Topical term or geographic name as entry element | DERECHO PENAL |
| 650 #0 - SUBJECT ADDED ENTRY--TOPICAL TERM | |
| 9 (RLIN) | 658 |
| Topical term or geographic name as entry element | EXTRADICION |
| 650 #0 - SUBJECT ADDED ENTRY--TOPICAL TERM | |
| 9 (RLIN) | 699 |
| Topical term or geographic name as entry element | FALLOS DE LA CORTE SUPREMA |
| 773 0# - HOST ITEM ENTRY | |
| Host Biblionumber | 2729 |
| Host Itemnumber | 3180 |
| Place, publisher, and date of publication | Buenos Aires : LexisNexis, 2006- |
| Title | Revista de derecho penal y procesal penal. Nº 9 - Septiembre 2024 |
| International Standard Book Number | 9875920622 |
| 942 ## - ADDED ENTRY ELEMENTS (KOHA) | |
| Source of classification or shelving scheme | |
| Koha item type | Analítica Artículo de Revista |
No hay ítems disponibles.
